000 00981nam a2200205 i 4500
001 181181
003 ES-MaACL
005 20230906221307.0
008 121030s1913 sp |||| | spa d
100 1 _aMuela Alarcón, José de la.
_9151754
245 1 0 _aAlgunas notas acerca de la tracción de los ferrocarriles alemanes /
_cpor José de la Mulea Alarcón.
260 _a[Madrid :
_bJunta para Ampliación de Estudios e Investigaciones Científicas,
_c1913] (
_eMadrid :
_fImp. de Fortanet)
300 _aP. [141]-259, [4] h. de lám. :
_bil. ;
_c24 cm.
490 1 _aAnales de la Junta para Ampliación de Estudios e Investigaciones Científicas ;
_vt. 11, memoria 3
650 4 _aLocomotoras.
_9136444
710 2 _aJunta para la Ampliación de Estudios e Investigaciones Científicas.
_95413
830 0 _aAnales de la Junta para Ampliación de Estudios e Investigaciones Científicas ;
_vt. 11, memoria 3
_9186710
852 _aES-MaACL
_jB-13167(3)
999 _c181181
_d181181